000 00332nam a2200133 i 4500
001 bg
100 1 _aMAJEWSKI, Mieczysław
245 0 _aGeometria wykreślna :
_brysunki /
_cMieczysław Majewski. T.2 cz.2.
260 _aSzczecin,
_c1984.
040 _cBPK
041 _apol
942 _cKS
008 s pl f |000 0 pol
999 _c157
_d157
856 _uhttp://koha.tu.koszalin.pl/cgi-bin/koha/opac-detail.pl?biblionumber=157
_yKatalog online BPK